[Event "POL-ch U12 Girls"]
[Site "Uniejow"]
[Date "2021.07.25"]
[Round "9"]
[White "Szczepanska, Jagoda"]
[Black "Drozdz, Amelia"]
[Result "1-0"]
[WhiteElo "1031"]
[BlackElo "1057"]
[PlyCount "59"]
[EventDate "2021.07.18"]
[EventType "swiss"]
[EventRounds "9"]
[EventCountry "POL"]
[SourceTitle "EXT 2022"]
[Source "ChessBase"]
[SourceDate "2021.10.06"]
[SourceVersion "1"]
[SourceVersionDate "2021.10.06"]
[SourceQuality "1"]

1. e4 c5 2. c3 Nc6 3. d4 cxd4 4. cxd4 e6 5. Nf3 g6 6. Be2 Bg7 7. 0-0 Nge7 8. Nc3 0-0 9. Be3 d5 10. Qd2 dxe4 11. Nxe4 Nf5 12. Rad1 Nxe3 13. fxe3 b6 14. Nc3 Nb4 15. a3 Nd5 16. e4 Nxc3 17. Qxc3 Bb7 18. Qe3 Rc8 19. b4 Qd7 20. Kh1 Rc7 21. Rc1 Rfc8 22. Rxc7 Rxc7 23. e5 Qc6 24. Qf2 Qc3 25. Ng5 Qxa3 26. Nxf7 Qxb4 27. Nd6 Qd2 28. Ne8 Rc8 29. Qf7+ Kh8 30. Qxg7# 1-0

[Event "POL-ch U12 Girls"]
[Site "Uniejow"]
[Date "2021.07.22"]
[Round "5"]
[White "Oleksiuk, Anna"]
[Black "Szczepanska, Jagoda"]
[Result "0-1"]
[WhiteElo "1145"]
[BlackElo "1031"]
[PlyCount "114"]
[EventDate "2021.07.18"]
[EventType "swiss"]
[EventRounds "9"]
[EventCountry "POL"]
[SourceTitle "EXT 2022"]
[Source "ChessBase"]
[SourceDate "2021.10.06"]
[SourceVersion "1"]
[SourceVersionDate "2021.10.06"]
[SourceQuality "1"]

1. e4 e5 2. Nf3 Nc6 3. Bc4 Nf6 4. d3 h6 5. Nc3 Bc5 6. 0-0 d6 7. h3 0-0 8. Bd2 Be6 9. Bxe6 fxe6 10. Re1 Qd7 11. Na4 Bb6 12. Nxb6 axb6 13. Bc3 Na7 14. b3 Qf7 15. Qe2 Nh5 16. d4 Nf4 17. Qf1 Nxh3+ 18. gxh3 Qxf3 19. Bb2 Rf6 20. dxe5 Rg6+ 21. Kh2 Qf4+ 22. Kh1 dxe5 23. a4 Nc6 24. Rad1 Rf8 25. Rd3 Qxf2 26. Qxf2 Rxf2 27. Rg1 Rxg1+ 28. Kxg1 Rxc2 29. Ba3 Nd4 30. Kh1 Kf7 31. h4 Ke8 32. h5 Ra2 33. Bb4 Rb2 34. Rc3 Rxb3 35. Rc4 Nc6 36. Bd2 Rh3+ 37. Kg2 Rxh5 38. Rc3 Rh4 39. Re3 Rf4 40. Re1 Rg4+ 41. Kf3 h5 42. Rh1 g6 43. Bh6 Nd4+ 44. Kf2 Rxe4 45. Kg3 Nf5+ 46. Kf3 Rxa4 47. Bd2 e4+ 48. Kg2 Ra2 49. Kh3 Rxd2 50. Rb1 Rd3+ 51. Kh2 e3 52. Ra1 e2 53. Ra8+ Kd7 54. Kg2 e1Q 55. Rd8+ Kxd8 56. Kh2 Qg3+ 57. Kh1 Rd1# 0-1

[Event "POL-ch U12 Girls"]
[Site "Uniejow"]
[Date "2021.07.20"]
[Round "2"]
[White "Dzierzgowska, Jagoda"]
[Black "Szczepanska, Jagoda"]
[Result "0-1"]
[WhiteElo "1102"]
[BlackElo "1031"]
[PlyCount "82"]
[EventDate "2021.07.18"]
[EventType "swiss"]
[EventRounds "9"]
[EventCountry "POL"]
[SourceTitle "EXT 2022"]
[Source "ChessBase"]
[SourceDate "2021.10.06"]
[SourceVersion "1"]
[SourceVersionDate "2021.10.06"]
[SourceQuality "1"]

1. d4 Nf6 2. c4 g6 3. g3 Bg7 4. Bg2 0-0 5. Nc3 d6 6. Nf3 c6 7. 0-0 Qc7 8. Bd2 e5 9. dxe5 dxe5 10. e4 Be6 11. b3 Nbd7 12. Ng5 Rfe8 13. Nxe6 Rxe6 14. f4 exf4 15. Bxf4 Qb6+ 16. Kh1 Rae8 17. Re1 Nc5 18. e5 Nfd7 19. Bh3 R6e7 20. Bxd7 Nxd7 21. Na4 Qa5 22. Rc1 Nxe5 23. Bd2 Qc7 24. Bf4 Qc8 25. Bxe5 Bxe5 26. Nc5 Qh3 27. Rg1 Bd4 28. Qf1 Qxf1 29. Rgxf1 Bxc5 30. Rcd1 Bb4 31. Kg2 Re2+ 32. Kh3 Rxa2 33. Rd7 Re7 34. Rfd1 Rxd7 35. Rxd7 b6 36. Rd3 Rc2 37. Rd7 Rc3 38. Rxa7 Rxb3 39. Rb7 Ba5 40. Rc7 c5 41. Rd7 Rb4 0-1

[Event "POL-ch U12 Girls"]
[Site "Uniejow"]
[Date "2021.07.19"]
[Round "1"]
[White "Szczepanska, Jagoda"]
[Black "Borowik, Monika"]
[Result "1/2-1/2"]
[WhiteElo "1031"]
[BlackElo "1269"]
[PlyCount "118"]
[EventDate "2021.07.18"]
[EventType "swiss"]
[EventRounds "9"]
[EventCountry "POL"]
[SourceTitle "EXT 2022"]
[Source "ChessBase"]
[SourceDate "2021.10.06"]
[SourceVersion "1"]
[SourceVersionDate "2021.10.06"]
[SourceQuality "1"]

1. d4 Nf6 2. Nc3 g6 3. e4 d6 4. f4 Bg7 5. Nf3 0-0 6. Be2 Nc6 7. 0-0 a6 8. a4 b6 9. d5 Nb8 10. e5 Ne8 11. Be3 Nd7 12. Bd4 h6 13. Kh1 Nc5 14. b4 Nb7 15. Re1 e6 16. exd6 Qxd6 17. Bxg7 Nxg7 18. dxe6 Nxe6 19. Qxd6 Nxd6 20. g3 Bb7 21. Kg1 Nf5 22. Kf2 Rad8 23. Rad1 Ned4 24. Nxd4 Nxd4 25. Bd3 Nf3 26. Re7 Rc8 27. h3 Rfe8 28. Rxe8+ Rxe8 29. Bxa6 Bxa6 30. Kxf3 Kg7 31. b5 Bb7+ 32. Kf2 c6 33. bxc6 Bxc6 34. Rb1 Rb8 35. a5 b5 36. a6 Ra8 37. Nxb5 Rxa6 38. Nd4 Be4 39. Rb2 Rd6 40. Ke3 Bg2 41. h4 Ra6 42. c4 Bf1 43. c5 Bh3 44. c6 Ra8 45. c7 Rc8 46. Nb5 Bd7 47. Kf3 Bxb5 48. Rxb5 Rxc7 49. Rb3 Rc6 50. g4 Rc1 51. Kg3 Rc6 52. Re3 Re6 53. Rxe6 fxe6 54. h5 Kf6 55. hxg6 Kxg6 56. Kh4 Kf6 57. g5+ hxg5+ 58. fxg5+ Kg6 59. Kg4 e5 1/2-1/2

[Event "Polanica Zdroj op-F 56th"]
[Site "Polanica Zdroj"]
[Date "2020.08.20"]
[Round "6"]
[White "Szczepanska, Jagoda"]
[Black "Oliveira, Luis Manuel Farinha"]
[Result "1-0"]
[WhiteElo "1015"]
[BlackElo "1622"]
[PlyCount "37"]
[EventDate "2020.08.15"]
[EventType "swiss"]
[EventRounds "9"]
[EventCountry "POL"]
[SourceTitle "CBM 198 Extra"]
[Source "ChessBase"]
[SourceDate "2020.11.30"]
[SourceVersion "1"]
[SourceVersionDate "2020.11.30"]
[SourceQuality "1"]

1. e4 e5 2. Nf3 Nc6 3. Bc4 Bc5 4. d3 d6 5. Ng5 Be6 6. Bb3 Nf6 7. 0-0 0-0 8. Bxe6 Qe7 9. Bc4 Rad8 10. Nc3 Nd4 11. Nf3 Nxf3+ 12. Qxf3 Bd4 13. Qg3 Nh5 14. Qg4 g6 15. Bg5 Qd7 16. Qh4 Rc8 17. Rab1 Ng7 18. Bf6 Ne8 19. Nd5 1-0